Neueste Comptoir-Lexikon der französischen und deutschen Sprache enthaltend eine vollständige Terminologie des Handels, des Seewesens und der Rechte

Salvato in:
Dettagli Bibliografici
Natura: Libro
Lingua:tedesco
francese
Pubblicazione: Nürnberg Lotbeck [1900]
Tags: Aggiungi Tag
Nessun Tag, puoi essere il primo ad aggiungerne!!

MARC

LEADER 00000nam a2200000 4500
001 0313230
005 20251119110444.9
041 0 |a ger 
041 0 |a fre 
044 |a DE 
245 1 0 |a Neueste Comptoir-Lexikon der französischen und deutschen Sprache  |b enthaltend eine vollständige Terminologie des Handels, des Seewesens und der Rechte  |c Louis Reignier 
264 1 |a Nürnberg  |b Lotbeck  |c [1900]